000 00845nam a22002297a 4500
999 _c8574
_d8574
003 AR-CdUCM
008 190325b ||||| |||| 00| 0 spa d
020 _a84-253-0583-7
040 _aMUNICIPALIDAD PROVINCIAL DEL CUSCO
_cBIBLIOTECA MUNICIPAL DEL CUSCO
082 _a810 /
_bL66
100 _aLeverence, John
_924014
245 _aIrving Wallace perfil de un escritor /
260 _aBarcelona :
_bGrijaldo
_c1975.
300 _a341 paginas ;
_bIlustraciones,
_c20 cm.
500 _aTitulo original : Irving Wallace a writer´s profile
505 _aContenido : Perfil de un escritor -- Irving Wallage al habla, por San L. Grogg -- Del propio Irving Wallace -- Los disconformes, por Ray. B. Browne...
650 _aLiteratura
_9416
650 _asiglo XX
_9556
650 _aEstados Unidos
_91805
942 _2ddc
_cLIBROS
945 _awnts